Theory as a prayerful act the collected essays of James B. Macdonald /

Guardat en:
Dades bibliogràfiques
Autor principal: Macdonald, James Bradley, 1925-
Altres autors: Macdonald, Bradley J.
Format: Electrònic eBook
Idioma:anglès
Publicat: New York : P. Lang, c1995.
Col·lecció:Counterpoints (New York, N.Y.) ; v. 22.
Matèries:
Accés en línia:Available in Education Source.
Etiquetes: Afegir etiqueta
Sense etiquetes, Sigues el primer a etiquetar aquest registre!

MARC

LEADER 00000cam a22000002a 4500
001 ebs56847767e
003 EBZ
006 m d ||||||
007 cr|unu||||||||
008 950222s1995 nyu ob 000 0 eng
020 0 |z 9780820427928 
035 |a (EBZ)ebs56847767e 
040 |a DLC   |d EBZ 
042 |a msc 
050 0 0 |a LB885.M23  |b M32 1995 
100 1 |a Macdonald, James Bradley,  |d 1925- 
240 1 0 |a Theory as a prayerful act (Online) 
245 1 0 |a Theory as a prayerful act  |h [electronic resource] :  |b the collected essays of James B. Macdonald /  |c edited by Bradley J. Macdonald ; [introduction by William F. Pinar]. 
246 2 |a Theory as a Prayerful Act: The Collected Essays of James B. Macdonald 
260 |a New York :  |b P. Lang,  |c c1995. 
490 1 |a Counterpoints,  |x 1058-1634 ;  |v v. 22 
504 |a Includes bibliographical references (p. [187]-202). 
650 0 |a Education  |x Philosophy. 
700 1 |a Macdonald, Bradley J. 
773 0 |t Education Source   |d EBSCO 
776 1 |t Theory as a prayerful act  |w (DLC)95008005 
830 0 |a Counterpoints (New York, N.Y.) ;  |v v. 22. 
856 4 0 |3 Full text available: Dec 1995.  |z Available in Education Source.  |u https://researchs.unach.elogim.com/direct.asp?db=eue&jid=8TMC&scope=site 
901 |a Book